[Event "XXVII OOM - Mistrzostwa Polski Juniorow Mlodszych - Dziewczeta do lat 14"]
[Site "ApartHotel Termy Uniejow, ul. Termalna 1, 99-210 Uniejow"]
[Date "1899-12-30"]
[Round "4.14"]
[White "Zapalowska, Wiktoria"]
[Black "Pudelko, Magdalena"]
[Result "1-0"]
[WhiteTitle "I"]
[BlackTitle "I++"]
[WhiteElo "1279"]
[BlackElo "1477"]

1. e4 c5 2. Nf3 d6 3. Bb5+ Bd7 4. a4 Nf6 5. d3 a6 6. Bxd7+ Nbxd7 7. O-O e5 8. Nc3
Be7 9. Bg5 O-O 10. Nd2 Re8 11. f4 exf4 12. Bxf4 Ne5 13. Bxe5 dxe5 14. Qf3 Qd7
15. Nc4 Bd8 16. a5 Rc8 17. Qf5 Rc6 18. Qxd7 Nxd7 19. Nd5 Ree6 20. Rf3 f6 21. g4
Nb8 22. h4 Nd7 23. h5 h6 24. Kg2 Be7 25. Ra3 Bd8 26. Rf1 Kh7 27. Rfa1 Rc8 28.
Rb3 Rb8 29. Kf3 Kg8 30. c3 Kf7 31. Rba3 Kf8 32. Rb1 Ra8 33. Rba1 Rb8 34. b4 Kf7
35. Rb1 cxb4 36. Rxb4 Be7 37. Nxe7 Kxe7 38. d4 Rc6 39. Ke3 b5 40. axb6 Nxb6 41.
Nxb6 Rbxb6 42. Rxb6 Rxb6 43. d5 Kd6 44. Ra5 Kc7 45. Kd3 Rd6 46. Rc5+ Kb7 47. c4
Kb8 48. Ra5 Kb7 49. c5 Rd8 50. c6+ Kb6 51. Ra3 Ra8 52. Rb3+ Kc5 53. Rb7 a5 54.
c7 Rc8 55. Kc3 Kd6 56. Kc4 Rxc7+ 57. Rxc7 Kxc7 58. Kb5 Kd6 59. Kxa5 Kc5 60. Ka6
Kd6 61. Kb6 Kd7 62. Kb7 Kd8 63. Kc6 Kc8 64. d6 Kd8 65. d7 Ke7 66. Kc7 Ke6 67.
d8=Q Kf7 68. Qd5+ Kf8 69. Kd7 f5 70. gxf5 g6 71. hxg6 Kg7 72. Qf7+ Kh8 73. Qh7#
1-0

[Event "XXVII OOM - Mistrzostwa Polski Juniorow Mlodszych - Dziewczeta do lat 14"]
[Site "ApartHotel Termy Uniejow, ul. Termalna 1, 99-210 Uniejow"]
[Date "1899-12-30"]
[Round "4.15"]
[White "Slusarczyk, Anna"]
[Black "Banasiak, Adrianna"]
[Result "1-0"]
[WhiteTitle "I+"]
[BlackTitle "I"]
[WhiteElo "1464"]
[BlackElo "1318"]

1. d4 Nf6 2. c4 c5 3. Nf3 g6 4. g3 Bg7 5. Bg2 O-O 6. O-O d6 7. Nc3 Nbd7 8. d5 Nb6
9. Qd3 e6 10. e4 Re8 11. h3 h5 12. Bg5 exd5 13. cxd5 Qd7 14. Rae1 Nh7 15. Be3
Na4 16. Qc2 Nxc3 17. bxc3 b5 18. Nh4 a5 19. f4 b4 20. Bd2 Ba6 21. c4 a4 22. f5
g5 23. Nf3 Bf6 24. Bc1 Bc3 25. Nd2 Qe7 26. Bb2 Bxd2 27. Qxd2 Bxc4 28. f6 Qf8 29.
Rf5 Bxa2 30. Rxg5+ Nxg5 31. Qxg5+ Kh8 32. Qxh5+ Kg8 33. e5 Bb1 34. Be4 Bxe4 35.
Rxe4 Rxe5 36. Rg4+ Rg5 37. Rxg5+ Qg7 38. Rxg7+ Kf8 39. Qh8# 1-0

[Event "XXVII OOM - Mistrzostwa Polski Juniorow Mlodszych - Dziewczeta do lat 14"]
[Site "ApartHotel Termy Uniejow, ul. Termalna 1, 99-210 Uniejow"]
[Date "1899-12-30"]
[Round "4.16"]
[White "Bar, Klaudia"]
[Black "Grzesik, Nikola"]
[Result "0-1"]
[WhiteTitle "I"]
[BlackTitle "I"]
[WhiteElo "1439"]
[BlackElo "1342"]

1. e4 c5 2. Nf3 Nc6 3. d3 g6 4. g3 Bg7 5. Bg2 d6 6. O-O Nf6 7. c3 e5 8. Re1 O-O
9. d4 cxd4 10. cxd4 Nxd4 11. Nxd4 exd4 12. Qxd4 Ng4 13. Qd1 Qb6 14. Qe2 Bd4 15.
Rf1 f5 16. e5 Re8 17. Bd5+ Kg7 18. e6 Qc5 19. Bb3 Nxf2 20. Kg2 Bd7 21. h3 Bb5
22. Qd2 Bxf1+ 23. Kxf1 Ne4 24. Qh6+ Kh8 25. Kg2 Bg1 26. Qf4 Bd4 27. Nd2 Nxd2 28.
Bxd2 Qc6+ 29. Kh2 Be5 30. Qf2 d5 31. Rc1 Qxe6 32. Rc5 Bxb2 33. Rxd5 Qe2 34. Kg1
Qxf2+ 35. Kxf2 Rad8 36. Be3 Rxd5 37. Bxd5 b6 38. Bh6 Bg7 39. Be3 Rd8 40. Bb3 Bd4
41. h4 Kg7 42. Kf3 Bxe3 43. Kxe3 Kf6 44. a4 Ke5 45. Bf7 Rd7 46. Bg8 h6 47. Bc4
Rc7 48. Bb5 Rc3+ 49. Kf2 g5 50. hxg5 hxg5 51. Bd7 Rc2+ 52. Ke3 g4 53. Bb5 Rg2
54. Bf1 Rxg3+ 55. Kd4+ 0-1

[Event "XXVII OOM - Mistrzostwa Polski Juniorow Mlodszych - Dziewczeta do lat 14"]
[Site "ApartHotel Termy Uniejow, ul. Termalna 1, 99-210 Uniejow"]
[Date "1899-12-30"]
[Round "4.18"]
[White "Szopa, Emilia"]
[Black "Dallemura, Julia"]
[Result "1/2-1/2"]
[WhiteTitle "I++"]
[BlackTitle "I"]
[WhiteElo "1699"]
[BlackElo "1196"]

1. Nf3 Nc6 2. g3 Nf6 3. Bg2 e5 4. d3 d5 5. Nbd2 Bd6 6. O-O Be6 7. c3 h6 8. e4 dxe4
9. dxe4 O-O 10. Qe2 a6 11. Nc4 b5 12. Nxd6 cxd6 13. Rd1 Qc7 14. Nh4 Ne7 15. Nf5
Bxf5 16. exf5 Rad8 17. g4 Rfe8 18. g5 hxg5 19. Bxg5 Nh7 20. Bxe7 Qxe7 21. a4 Qd7
22. axb5 axb5 23. Ra6 Qxf5 24. Raxd6 Rb8 25. R6d5 b4 26. cxb4 Rxb4 27. Rd8 Rb8
28. Rxe8+ Rxe8 29. b4 Rb8 30. b5 e4 31. b6 Rxb6 32. Qxe4 Qxe4 33. Bxe4 Rb8 34.
Bxh7+ Kxh7 35. Kg2 Kg6 36. Kg3 f6 37. Rd3 Rb5 38. Ra3 1/2-1/2

[Event "XXVII OOM - Mistrzostwa Polski Juniorow Mlodszych - Dziewczeta do lat 14"]
[Site "ApartHotel Termy Uniejow, ul. Termalna 1, 99-210 Uniejow"]
[Date "1899-12-30"]
[Round "4.19"]
[White "Kulczycka, Zofia"]
[Black "Szmajda, Karolina"]
[Result "1-0"]
[WhiteTitle "I"]
[BlackTitle "I"]
[WhiteElo "1470"]
[BlackElo "1181"]

1. e4 c5 2. Nf3 g6 3. d4 cxd4 4. Nxd4 Nc6 5. c4 Nf6 6. Nc3 Bg7 7. Be3 O-O 8. Be2
Re8 9. Qd2 e6 10. Ndb5 a6 11. Nd6 Re7 12. Bc5 Na5 13. Na4 Nc6 14. Nb6 Rb8 15.
Nbxc8 Rxc8 16. Nxc8 Qxc8 17. Bxe7 Nxe7 18. Bd3 Nc6 19. O-O Ne5 20. Rac1 Bh6 21.
Qxh6 Nxd3 22. Rc3 Nxb2 23. e5 Ne4 24. Rh3 Qxc4 25. Rc1 1-0

[Event "XXVII OOM - Mistrzostwa Polski Juniorow Mlodszych - Dziewczeta do lat 14"]
[Site "ApartHotel Termy Uniejow, ul. Termalna 1, 99-210 Uniejow"]
[Date "1899-12-30"]
[Round "4.20"]
[White "Makarec, Anna"]
[Black "Szewczuk, Aleksandra"]
[Result "1/2-1/2"]
[WhiteTitle "I"]
[BlackTitle "I"]
[WhiteElo "1206"]
[BlackElo "1317"]

1. e4 c6 2. d4 d5 3. Nd2 dxe4 4. Nxe4 Bf5 5. Ng3 Bg6 6. Nh3 h6 7. Nf4 Bh7 8. Bc4
e6 9. O-O Bd6 10. c3 Nf6 11. Re1 O-O 12. Bd3 Nbd7 13. Bxh7+ Nxh7 14. Ne4 Bc7 15.
Nh5 Ndf6 16. Nhxf6+ Nxf6 17. Qf3 Nxe4 18. Rxe4 Qd5 19. Bf4 Bxf4 20. Qxf4 Qh5 21.
Qg3 Kh7 22. Rae1 Rad8 23. Re5 Qg6 24. Qxg6+ Kxg6 25. f4 Rd5 26. g4 Rxe5 27. Rxe5
Kf6 28. f5 Rd8 29. fxe6 fxe6 30. Kf2 Rd5 31. Rxd5 exd5 32. h4 g5 1/2-1/2

[Event "XXVII OOM - Mistrzostwa Polski Juniorow Mlodszych - Dziewczeta do lat 14"]
[Site "ApartHotel Termy Uniejow, ul. Termalna 1, 99-210 Uniejow"]
[Date "1899-12-30"]
[Round "4.21"]
[White "Kaczmarek, Paulina"]
[Black "Leks, Emilia"]
[Result "0-1"]
[WhiteTitle "II+"]
[BlackTitle "II+"]
[WhiteElo "1029"]
[BlackElo "1213"]

1. e4 d6 2. d4 Nf6 3. Nc3 e5 4. dxe5 dxe5 5. Qxd8+ Kxd8 6. Bc4 Be6 7. Bxe6 fxe6
8. Bg5 Bd6 9. O-O-O Ke7 10. Nf3 a6 11. Rd3 Nbd7 12. Nd2 b5 13. a3 Rhb8 14. g3
h6 15. Bxf6+ Nxf6 16. Rf1 g5 17. f3 b4 18. Ncb1 bxa3 19. Nxa3 Nd7 20. Ndc4 Nc5
21. Rd2 Na4 22. b3 Nc3 23. Nxd6 cxd6 24. Rd3 Ne2+ 25. Kb2 Nd4 26. Ra1 Rb7 27.
Nc4 Rc7 28. Ne3 Nxf3 29. Ng4 h5 30. Rxf3 hxg4 31. Rc3 Rxc3 32. Kxc3 d5 33. exd5
exd5 34. Kd3 Kd6 35. Rf1 Ke6 36. Ra1 Kd6 37. Ra4 Ke6 38. Rxg4 e4+ 39. Kd4 Kf5
40. h3 Rh8 41. Kxd5 Rxh3 42. Rxe4 Rxg3 43. Re5+ Kf4 44. Kd4 g4 45. Re4+ Kf3 46.
Re3+ Kf2 47. Re4 Rg1 48. Rf4+ Kg3 49. Ke4 Kh3 50. c4 g3 51. Rf3 Kh2 52. c5 g2
53. Rf2 Rf1 54. Re2 Kh1 55. Rxg2 Kxg2 56. Kd5 Rb1 57. Kc4 Rc1+ 58. Kb4 Kf3 59.
Ka5 Rxc5+ 60. Kxa6 Ke4 61. b4 Rc1 62. b5 Ra1+ 63. Kb7 Kd5 64. b6 Rc1 65. Ka7 Kc6
66. b7 Ra1+ 67. Kb8 Rb1 68. Ka8 Kc7 69. b8=R Rxb8+ 70. Ka7 Rb1 71. Ka6 Kc6 72.
Ka5 Rb2 73. Ka4 Kc5 74. Ka3 Rb8 75. Ka4 Rb7 76. Ka3 Kc4 77. Ka2 Kc3 78. Ka1 Kc2
0-1

[Event "XXVII OOM - Mistrzostwa Polski Juniorow Mlodszych - Dziewczeta do lat 14"]
[Site "ApartHotel Termy Uniejow, ul. Termalna 1, 99-210 Uniejow"]
[Date "1899-12-30"]
[Round "4.22"]
[White "Kicinska, Magdalena"]
[Black "Feliks, Agnieszka"]
[Result "1/2-1/2"]
[WhiteTitle "I+"]
[BlackTitle "I"]
[WhiteElo "1315"]
[BlackElo "1156"]

1. d4 Nf6 2. Nf3 g6 3. Bg5 Bg7 4. c3 O-O 5. Nbd2 d6 6. e4 h6 7. Bh4 Qe8 8. Bc4
e5 9. dxe5 dxe5 10. O-O b6 11. Bg3 Nbd7 12. Bb5 Nh5 13. Nc4 Nxg3 14. hxg3 a6 15.
Bc6 Rb8 16. Ncxe5 Bxe5 17. Bxd7 Qxd7 18. Nxe5 Qb5 19. Qd5 Qxd5 20. exd5 Re8 21.
Rfe1 Bb7 22. Nc6 Bxc6 23. dxc6 Kg7 24. Rad1 Rbd8 25. Kf1 Rxe1+ 26. Kxe1 Rxd1+
27. Kxd1 Kf6 28. Ke2 Ke6 29. Ke3 f6 30. Kd4 Kd6 31. a4 Kxc6 32. b4 Kd6 33. c4
c5+ 34. bxc5+ bxc5+ 35. Ke4 a5 36. g4 Ke6 37. f4 Kd6 38. f5 g5 39. g3 Kc6 40.
Ke3 Kd6 1/2-1/2

[Event "XXVII OOM - Mistrzostwa Polski Juniorow Mlodszych - Dziewczeta do lat 14"]
[Site "ApartHotel Termy Uniejow, ul. Termalna 1, 99-210 Uniejow"]
[Date "1899-12-30"]
[Round "4.23"]
[White "Mitrega, Wiktoria"]
[Black "Gac-mytych, Sara"]
[Result "0-1"]
[WhiteTitle "I"]
[BlackTitle "II"]
[WhiteElo "1251"]
[BlackElo "1125"]

1. d4 d5 2. Bf4 Nf6 3. e3 e6 4. c4 dxc4 5. Bxc4 a6 6. Nd2 c5 7. dxc5 Bxc5 8. Ngf3
O-O 9. O-O b5 10. Bb3 Bb7 11. Qc2 Qb6 12. a3 Nbd7 13. Ba2 Rac8 14. Qd1 a5 15.
Nb3 Rfd8 16. Qe2 Ba6 17. Rfd1 b4 18. Qe1 bxa3 19. bxa3 Bxa3 20. Qxa5 Qxa5 21.
Nxa5 Bb4 22. Nb3 Be2 23. Rdc1 Bc3 24. Rxc3 Rxc3 25. Nbd4 Bxf3 26. Nxf3 Ra8 0-1

[Event "XXVII OOM - Mistrzostwa Polski Juniorow Mlodszych - Dziewczeta do lat 14"]
[Site "ApartHotel Termy Uniejow, ul. Termalna 1, 99-210 Uniejow"]
[Date "1899-12-30"]
[Round "4.24"]
[White "Peksa, Zuzanna"]
[Black "Jaros, Emilia"]
[Result "0-1"]
[WhiteTitle "I"]
[BlackTitle "I"]
[WhiteElo "1231"]
[BlackElo "1241"]

1. c4 e6 2. g3 Nf6 3. Bg2 c5 4. Nf3 Nc6 5. O-O Be7 6. Nc3 d5 7. cxd5 exd5 8. d4
c4 9. Ne5 Bb4 10. Qa4 Bxc3 11. Nxc6 bxc6 12. bxc3 Bd7 13. Qc2 O-O 14. Rb1 Qc8
15. Ba3 Re8 16. Rb2 Bf5 17. Qc1 Rb8 18. Bb4 Qc7 19. Re1 a5 20. Bc5 Rb5 21. f3
Qd7 22. Qd2 Qe6 23. Bb6 Rxb2 24. Qxb2 Qe3+ 25. Kh1 Rb8 26. g4 Bg6 27. f4 Be4 28.
h3 Bxg2+ 29. Kxg2 Nd7 30. Qa3 Rxb6 31. Qxa5 Rb2 32. Qa8+ Nf8 33. Qxc6 Rxa2 34.
Qxd5 Rxe2+ 35. Rxe2 Qxe2+ 36. Kg3 h6 37. Qf3 Qe1+ 38. Kg2 Qd2+ 39. Kg3 g6 40.
d5 Nd7 41. h4 Nf6 42. g5 hxg5 43. fxg5 Nxd5 44. h5 Qxc3 45. h6 Qxf3+ 46. Kxf3
Kh7 47. Ke4 c3 48. Kd3 f6 49. gxf6 Kxh6 50. Kc2 g5 51. Kd3 g4 52. f7 Kg7 53. Ke2
Kxf7 54. Ke1 g3 55. Ke2 c2 56. Kf1 c1=Q+ 57. Kg2 Qe1 58. Kh3 Qf2 0-1

[Event "XXVII OOM - Mistrzostwa Polski Juniorow Mlodszych - Dziewczeta do lat 14"]
[Site "ApartHotel Termy Uniejow, ul. Termalna 1, 99-210 Uniejow"]
[Date "1899-12-30"]
[Round "4.25"]
[White "Reszka, Barbara"]
[Black "Bromirska, Roksana"]
[Result "1-0"]
[WhiteTitle "II+"]
[BlackTitle "II"]
[WhiteElo "1095"]
[BlackElo "1088"]

1. e4 d5 2. exd5 Qxd5 3. Nc3 Qa5 4. d4 Nf6 5. Nf3 Bg4 6. h3 Bh5 7. g4 Bg6 8. Ne5
e6 9. Bg2 c6 10. h4 Be4 11. Bxe4 Nxe4 12. Qf3 Nd6 13. O-O f6 14. Nd3 Nd7 15. Re1
e5 16. dxe5 fxe5 17. b4 Qb6 18. Nxe5 Nxe5 19. Rxe5+ Be7 20. Bg5 Qc7 21. Rxe7+
Qxe7 22. Bxe7 Kxe7 23. Re1+ Kd8 24. Rd1 Kc7 25. Qf4 Rad8 26. Ne4 Rhf8 27. Qg3
Kc8 28. Nxd6+ Rxd6 29. Qxd6 a6 30. Qxf8+ Kc7 31. Qd8# 1-0

[Event "XXVII OOM - Mistrzostwa Polski Juniorow Mlodszych - Dziewczeta do lat 14"]
[Site "ApartHotel Termy Uniejow, ul. Termalna 1, 99-210 Uniejow"]
[Date "1899-12-30"]
[Round "4.26"]
[White "Brelinska, Marcelina"]
[Black "Semeradt, Michalina"]
[Result "1/2-1/2"]
[WhiteTitle "II"]
[BlackTitle "I"]
[WhiteElo "1057"]
[BlackElo "1065"]

1. e4 e5 2. Nf3 Nc6 3. Bc4 Bc5 4. Nc3 Nf6 5. O-O d6 6. h3 h6 7. d3 Bd7 8. Re1 Rg8
9. Nh2 Na5 10. Bb5 Nc6 11. Be3 Bb6 12. Bxb6 axb6 13. Re3 Nd4 14. Bxd7+ Qxd7 15.
Nf3 g5 16. Nh2 O-O-O 17. Nd5 Nxd5 18. exd5 Rg6 19. a4 c6 20. dxc6 Qxc6 21. c3
Nf5 22. Qg4 Qd7 23. Rf3 Rf6 24. Qc4+ Kb8 25. g4 d5 26. Qb4 Rd6 27. Rxf5 d4 28.
c4 e4 29. Qd2 e3 30. Qe2 Re8 31. f3 Qc7 32. Nf1 f6 33. Kg2 Rh8 34. Ng3 Rf8 35.
Ne4 Re6 36. a5 Re5 37. axb6 Qxb6 38. Rxe5 fxe5 39. Rb1 Qb4 40. Qe1 Qb3 41. Qd1
Qb4 42. b3 Qa5 43. Qe2 Qb4 44. Qe1 Qa3 45. Qe2 Qb4 1/2-1/2

[Event "XXVII OOM - Mistrzostwa Polski Juniorow Mlodszych - Dziewczeta do lat 14"]
[Site "ApartHotel Termy Uniejow, ul. Termalna 1, 99-210 Uniejow"]
[Date "1899-12-30"]
[Round "5.1"]
[White "Oborska, Magda"]
[Black "Lazniewska, Zofia"]
[Result "1/2-1/2"]
[WhiteTitle "I++"]
[BlackTitle "I+"]
[WhiteElo "1537"]
[BlackElo "1625"]

1. e4 c5 2. Nf3 Nc6 3. d4 cxd4 4. Nxd4 g6 5. Be2 Bg7 6. Nb3 Nf6 7. Nc3 O-O 8. O-O
d6 9. Re1 Be6 10. Bf1 d5 11. exd5 Nxd5 12. Nxd5 Bxd5 13. c4 Be6 14. Nc5 Bc8 15.
Qxd8 Rxd8 16. h3 b6 17. Na4 Nd4 18. Bd3 Be6 19. Bf4 Nf3+ 20. gxf3 Rxd3 21. Kg2
Rd4 22. Bg5 Rxc4 23. b3 Rc2 24. Rec1 Rac8 25. Rxc2 Rxc2 26. Rd1 f6 27. Be3 Rxa2
28. Nc3 Rc2 29. Nb5 Kf7 30. Nxa7 Bxb3 31. Rb1 Ba4 32. Rxb6 f5 33. Rb4 Be8 34.
Nb5 1/2-1/2

[Event "XXVII OOM - Mistrzostwa Polski Juniorow Mlodszych - Dziewczeta do lat 14"]
[Site "ApartHotel Termy Uniejow, ul. Termalna 1, 99-210 Uniejow"]
[Date "1899-12-30"]
[Round "5.2"]
[White "Pawicka, Magdalena"]
[Black "Gladyszewska, Kinga"]
[Result "1-0"]
[WhiteTitle "k+"]
[BlackTitle "I"]
[WhiteElo "1816"]
[BlackElo "1293"]

1. e4 e5 2. Nf3 Nc6 3. d4 exd4 4. Nxd4 Nf6 5. Nxc6 bxc6 6. Qe2 Qe7 7. Nc3 d6 8.
g3 Bb7 9. Bg2 g6 10. O-O Bg7 11. f4 O-O 12. Bd2 Nd7 13. Rae1 Nc5 14. Nd1 Rab8
15. b4 Nd7 16. Bc3 d5 17. Bxg7 Kxg7 18. Qd2 Ba6 19. exd5 Qxb4 20. Qxb4 Rxb4 21.
Rf3 cxd5 22. Ra3 Nb8 23. Bxd5 Rd8 24. Bb3 Rbd4 25. Nf2 c6 26. Re7 R4d7 27. Re5
Bc8 28. Bc4 a6 29. Rb3 Rb7 30. Rxb7 Bxb7 31. Re7 Rd7 32. Re8 Rd4 33. Rxb8 Rxc4
34. Rxb7 Rxc2 35. Rb6 Rxa2 36. Rxc6 a5 37. Ra6 a4 38. Ne4 a3 39. Nc3 Ra1+ 40.
Kg2 h6 41. Nb5 a2 42. Nc3 Rc1 43. Nxa2 Rc2+ 44. Kh3 g5 45. fxg5 hxg5 46. g4 Rd2
47. Ra3 Rd6 48. Rf3 Kg6 49. Nc3 Rd4 50. Ne2 Re4 51. Ng3 Re6 52. Rf5 Re7 53. Kg2
Re6 54. Kf3 Rb6 55. Ne4 f6 56. Rxf6+ Rxf6+ 57. Nxf6 Kxf6 58. Ke4 Ke6 59. h3 Kf6
60. Kd5 Kf7 61. Ke5 Kg6 62. Ke6 Kg7 63. Kf5 Kh6 64. Kf6 Kh7 65. Kxg5 Kg7 66. h4
Kh7 67. Kf6 Kh6 68. g5+ Kh7 69. g6+ Kg8 70. g7 Kh7 71. Kf7 Kh6 72. g8=Q Kh5 73.
Qg5# 1-0

[Event "XXVII OOM - Mistrzostwa Polski Juniorow Mlodszych - Dziewczeta do lat 14"]
[Site "ApartHotel Termy Uniejow, ul. Termalna 1, 99-210 Uniejow"]
[Date "1899-12-30"]
[Round "5.3"]
[White "Giemza, Julia"]
[Black "Szczotka, Klara"]
[Result "0-1"]
[WhiteTitle "I"]
[BlackTitle "k+"]
[WhiteElo "1375"]
[BlackElo "1916"]

1. e4 c5 2. Nf3 e6 3. d4 cxd4 4. Nxd4 a6 5. g3 Nf6 6. Bg2 Qc7 7. O-O Nc6 8. c4
Be7 9. Nc3 d6 10. Be3 Bd7 11. h3 Rc8 12. Rc1 Qb8 13. f4 Bd8 14. Kh1 O-O 15. f5
Nxd4 16. Qxd4 Nh5 17. Ne2 Bf6 18. Qd2 exf5 19. Bf3 g6 20. exf5 Bc6 21. g4 Ng7
22. Nd4 Bxf3+ 23. Rxf3 b5 24. cxb5 axb5 25. Kg1 Rxc1+ 26. Qxc1 Qb7 27. Qf1 Qe4
28. Nxb5 Be5 29. Nc3 Bxc3 30. bxc3 Ra8 31. Qg2 gxf5 32. gxf5 Rxa2 33. Qg3 Ra1+
34. Kh2 Ra2+ 35. Kg1 Ra1+ 36. Kh2 Qb1 37. Bg1 f6 38. Rf2 Ra2 39. Qxd6 Rxf2+ 40.
Bxf2 Qxf5 41. Bd4 Ne6 42. Qg3+ Kf7 43. Qe3 Qc2+ 44. Kg3 f5 45. Qe5 f4+ 46. Kh4
Qg6 47. Bf2 Qd3 48. Qh5+ Kf6 49. Kg4 Qe2+ 50. Kh4 Qxf2+ 0-1

[Event "XXVII OOM - Mistrzostwa Polski Juniorow Mlodszych - Dziewczeta do lat 14"]
[Site "ApartHotel Termy Uniejow, ul. Termalna 1, 99-210 Uniejow"]
[Date "1899-12-30"]
[Round "5.4"]
[White "Tokarz, Izabela"]
[Black "Nieckarz, Maja"]
[Result "1-0"]
[WhiteTitle "I++"]
[BlackTitle "I"]
[WhiteElo "1681"]
[BlackElo "1430"]

1. d4 Nf6 2. c4 g6 3. Nc3 Bg7 4. e4 d6 5. h3 O-O 6. Bg5 c6 7. Be2 Nbd7 8. Qd2 a6
9. g4 b5 10. cxb5 cxb5 11. b4 Bb7 12. f3 Rc8 13. Rc1 Nb6 14. h4 Nc4 15. Bxc4 Rxc4
16. a3 Qb6 17. Nge2 Rfc8 18. h5 a5 19. hxg6 fxg6 20. Rh3 axb4 21. axb4 Rxb4 22.
Bxf6 exf6 23. Nd5 Rxc1+ 24. Nxc1 Qxd4 25. Qxb4 Qg1+ 26. Kd2 Qg2+ 27. Ne2 Qxh3
28. Qxd6 Bxd5 29. Qd8+ Bf8 30. Qxd5+ Kg7 31. Qd7+ Kh6 32. g5+ fxg5 33. Qxh3+ Kg7
34. Qd7+ Kh6 35. Qxb5 Bd6 36. e5 Be7 37. e6 Bf6 38. Qd7 Bg7 39. e7 Bf6 40. e8=Q
Bb2 41. Qf8+ Kh5 42. Qh3# 1-0

[Event "XXVII OOM - Mistrzostwa Polski Juniorow Mlodszych - Dziewczeta do lat 14"]
[Site "ApartHotel Termy Uniejow, ul. Termalna 1, 99-210 Uniejow"]
[Date "1899-12-30"]
[Round "5.5"]
[White "Kawa, Anna"]
[Black "Sprzeczka, Emilia"]
[Result "0-1"]
[WhiteTitle "I"]
[BlackTitle "I"]
[WhiteElo "1440"]
[BlackElo "1431"]

1. e4 e5 2. Nf3 Nc6 3. Bc4 Bc5 4. c3 Nf6 5. d3 O-O 6. O-O d5 7. exd5 Nxd5 8. Re1
Bg4 9. Nbd2 Nb6 10. Qc2 Nxc4 11. dxc4 f5 12. Nxe5 Bxf2+ 13. Kxf2 Qh4+ 14. Kf1
Nxe5 15. Nb3 Qxh2 16. Nd4 c5 17. Ne6 Nf3 18. Bf4 Qg1+ 19. Ke2 Nxe1+ 20. Kd2 Qf2+
21. Kc1 Qxc2# 0-1

[Event "XXVII OOM - Mistrzostwa Polski Juniorow Mlodszych - Dziewczeta do lat 14"]
[Site "ApartHotel Termy Uniejow, ul. Termalna 1, 99-210 Uniejow"]
[Date "1899-12-30"]
[Round "5.6"]
[White "Ziobrowska, Maja"]
[Black "Niedorys, Karolina"]
[Result "1/2-1/2"]
[WhiteTitle "I++"]
[BlackTitle "I"]
[WhiteElo "1601"]
[BlackElo "1413"]

1. d4 d5 2. c4 e6 3. Nc3 Nf6 4. cxd5 exd5 5. Bg5 Be7 6. Qc2 c6 7. e3 O-O 8. Bd3
h6 9. Bf4 Nbd7 10. Nge2 Re8 11. O-O Nf8 12. f3 Bd6 13. Bxd6 Qxd6 14. e4 dxe4 15.
fxe4 Ng4 16. e5 Qd8 17. Qd2 h5 18. Qf4 Be6 19. h3 Nh6 20. Ne4 Ng6 21. Qf3 Nf5
22. Nf6+ gxf6 23. Bxf5 h4 24. Bxg6 fxg6 25. Qxf6 Qxf6 26. Rxf6 Kg7 27. Nf4 Bf5
28. Kf2 Rad8 29. Rd1 Rxe5 30. dxe5 Rxd1 1/2-1/2

[Event "XXVII OOM - Mistrzostwa Polski Juniorow Mlodszych - Dziewczeta do lat 14"]
[Site "ApartHotel Termy Uniejow, ul. Termalna 1, 99-210 Uniejow"]
[Date "1899-12-30"]
[Round "5.7"]
[White "Janikowska, Wiktoria"]
[Black "Zapalowska, Wiktoria"]
[Result "1/2-1/2"]
[WhiteTitle "I+"]
[BlackTitle "I"]
[WhiteElo "1610"]
[BlackElo "1279"]

1. Nf3 d5 2. g3 g6 3. Bg2 Bg7 4. O-O e5 5. d3 Ne7 6. Nbd2 O-O 7. e4 dxe4 8. dxe4
Nbc6 9. c3 b6 10. b4 Ba6 11. Re1 Bd3 12. a4 a6 13. Ba3 b5 14. Qb3 Kh8 15. Rad1
f5 16. Ng5 Qd6 17. exf5 gxf5 18. Nf7+ Rxf7 19. Qxf7 Bc2 20. Ne4 Qg6 21. Qxg6 hxg6
22. Rd2 Bxe4 23. Bxe4 fxe4 24. Rxe4 Rd8 25. Rxd8+ Nxd8 26. axb5 axb5 27. c4 Nb7
28. c5 Nd5 29. Bb2 Kg8 30. h4 Kf7 31. f3 Nd8 32. Kf2 Nc6 33. Ba3 Bf8 34. Kg2 Bh6
35. Bb2 Bg7 36. Ba3 Bh6 37. Bb2 Bg7 1/2-1/2

[Event "XXVII OOM - Mistrzostwa Polski Juniorow Mlodszych - Dziewczeta do lat 14"]
[Site "ApartHotel Termy Uniejow, ul. Termalna 1, 99-210 Uniejow"]
[Date "1899-12-30"]
[Round "5.8"]
[White "Pniewska, Beata"]
[Black "Slusarczyk, Anna"]
[Result "1/2-1/2"]
[WhiteTitle "I"]
[BlackTitle "I+"]
[WhiteElo "1400"]
[BlackElo "1464"]

1. c4 e5 2. g3 d6 3. Nc3 f5 4. Bg2 Nf6 5. e3 Be7 6. d4 Nbd7 7. Nf3 e4 8. Ng5 Nb6
9. Qb3 h6 10. Nh3 Be6 11. d5 Bf7 12. Nf4 O-O 13. Ne6 Bxe6 14. dxe6 c6 15. Ne2
d5 16. cxd5 Nfxd5 17. O-O Qc8 18. Nf4 Nxf4 19. exf4 Nd5 20. g4 Qxe6 21. gxf5 Qxf5
22. Qxb7 Qg6 23. Re1 Bc5 24. Rxe4 Rae8 25. Rxe8 Rxe8 26. Be3 Nxe3 27. fxe3 Bxe3+
28. Kh1 Bxf4 29. Rf1 Bb8 30. Qd7 Qh5 31. Bh3 Qd5+ 32. Kg1 Qxd7 33. Bxd7 Re2 34.
Rf2 Rxf2 35. Kxf2 Bxh2 36. Bxc6 g5 37. b4 Kf7 38. a4 Bd6 39. b5 Bc7 40. Kf3 h5
41. Ke4 Kf6 42. Be8 h4 43. Bh5 h3 44. Bg4 h2 45. Bf3 g4 46. Bg2 Ke6 47. Bh1 Kf6
48. Ke3 Ke5 49. Kf2 Kf4 50. Bc6 g3+ 51. Kg2 Ke3 52. Bb7 Kd4 53. Bc6 Kc5 54. Bd7
1/2-1/2

[Event "XXVII OOM - Mistrzostwa Polski Juniorow Mlodszych - Dziewczeta do lat 14"]
[Site "ApartHotel Termy Uniejow, ul. Termalna 1, 99-210 Uniejow"]
[Date "1899-12-30"]
[Round "5.10"]
[White "Grzesik, Nikola"]
[Black "Seemann, Pola"]
[Result "1/2-1/2"]
[WhiteTitle "I"]
[BlackTitle "I++"]
[WhiteElo "1342"]
[BlackElo "1607"]

1. c4 e6 2. g3 d5 3. cxd5 exd5 4. Nf3 Nf6 5. Bg2 c6 6. d4 Bd6 7. O-O Bf5 8. Nc3
O-O 9. Re1 Re8 10. Nh4 Be6 11. Bg5 Be7 12. Qb3 Qd7 13. Nf3 Ne4 14. Ne5 Qc7 15.
Bf4 Bd6 16. Rac1 Nxc3 17. Qxc3 Nd7 18. Nd3 Rac8 19. Qb3 Nb6 20. Bxd6 Qxd6 21.
Nc5 Rc7 22. Qc2 Rce7 23. b3 Bg4 24. e3 Qf6 25. Qd2 Nc8 26. Nd3 Nd6 27. Ne5 Bf5
28. Qe2 Qe6 29. Nd3 Ne4 30. Nc5 Qf6 31. Nxe4 Bxe4 32. Bxe4 Rxe4 33. Qc2 Qh6 34.
Kg2 R8e6 35. Rh1 Rg4 36. Qd1 Rg5 37. Qf3 Rf6 38. Qe2 Qg6 39. Qc2 Rgf5 40. Rhf1
Qg4 41. f3 Qh5 42. f4 Rh6 43. Kg1 Rff6 44. Qg2 Re6 45. Rce1 Re4 46. Rf2 Rhe6 47.
Rfe2 f5 48. Kf1 Qf7 49. Qf3 Qe7 50. Kf2 h6 51. Kf1 Qf6 52. Kf2 g5 53. Kf1 g4 54.
Qf2 h5 55. Kg1 Re7 56. Kg2 Rh7 57. Rg1 Ree7 58. Kf1 Rh6 59. Ke1 Qe6 60. Kd2 Qd6
61. Rc1 Qb4+ 62. Kd1 Rhe6 63. Rcc2 Qb5 64. Rc3 a5 65. Rec2 Re4 1/2-1/2

[Event "XXVII OOM - Mistrzostwa Polski Juniorow Mlodszych - Dziewczeta do lat 14"]
[Site "ApartHotel Termy Uniejow, ul. Termalna 1, 99-210 Uniejow"]
[Date "1899-12-30"]
[Round "5.11"]
[White "Predkiewicz, Paulina"]
[Black "Pastuszko, Katarzyna"]
[Result "1/2-1/2"]
[WhiteTitle "I"]
[BlackTitle "I++"]
[WhiteElo "1344"]
[BlackElo "1580"]

1. e4 e5 2. Nf3 Nc6 3. d4 exd4 4. Nxd4 Nf6 5. Nc3 Bb4 6. Nxc6 bxc6 7. Bd3 O-O 8.
O-O d5 9. exd5 cxd5 10. h3 Be6 11. Qf3 c6 12. Bf4 Bd6 13. Rfe1 Rb8 14. b3 Re8
15. Na4 Qc7 16. Bxd6 Qxd6 17. Red1 d4 18. Bf1 c5 19. c3 Rbd8 20. cxd4 cxd4 21.
Qd3 Nh5 22. Qd2 Nf4 23. Nb2 Nxh3+ 24. gxh3 Bd5 25. Nd3 Qg6+ 26. Kh2 Qe4 27. Nf4
Qh1+ 28. Kg3 Qf3+ 29. Kh2 Qh1+ 30. Kg3 Qf3+ 31. Kh2 Qh1+ 1/2-1/2

[Event "XXVII OOM - Mistrzostwa Polski Juniorow Mlodszych - Dziewczeta do lat 14"]
[Site "ApartHotel Termy Uniejow, ul. Termalna 1, 99-210 Uniejow"]
[Date "1899-12-30"]
[Round "5.12"]
[White "Zalewska, Malgorzata"]
[Black "Salamon, Julia"]
[Result "0-1"]
[WhiteTitle "I"]
[BlackTitle "I++"]
[WhiteElo "1328"]
[BlackElo "1504"]

1. e4 c5 2. Nf3 e6 3. d4 cxd4 4. Nxd4 Nf6 5. Nc3 Nc6 6. Ndb5 Bb4 7. a3 Bxc3+ 8.
Nxc3 d5 9. exd5 exd5 10. Bd3 O-O 11. O-O Bg4 12. f3 Be6 13. Bg5 Qb6+ 14. Kh1 Nd7
15. f4 f6 16. Qh5 f5 17. Rae1 Bf7 18. Qh3 g6 19. Bb5 Rfe8 20. Qd3 a6 21. Ba4 d4
22. Rxe8+ Rxe8 23. Nd1 Nc5 24. Qh3 Nxa4 25. Qh6 Qc5 26. Bf6 Qf8 27. Qh4 Bc4 28.
Rf3 Qxf6 0-1